All Main Event at WrestleMania - Statistics

General Stats
  • This quiz has been taken 25 times
  • The average score is 25 of 180
Answer Stats
WrestleMania Answer % Correct
WrestleMania 32 | WrestleMania 33 | WrestleMania 37 nuit 2 | +2 others Roman Reigns
83%
WrestleMania 22 | WrestleMania 23 | WrestleMania 29 John Cena
70%
WrestleMania XL nuit 2 Cody Rhodes
61%
WrestleMania II | WrestleMania III | WrestleMania IX | +3 others Hulk Hogan
61%
WrestleMania 34 | WrestleMania XIX Brock Lesnar
52%
WrestleMania 31 Seth Rollins
52%
WrestleMania XXVIII The Rock
52%
WrestleMania 13 | WrestleMania 36 nuit 1 | WrestleMania XXIV | WrestleMania XXVI The Undertaker
48%
WrestleMania 2000 | WrestleMania X8 | WrestleMania XXV Triple H
39%
WrestleMania XII Shawn Michaels
35%
WrestleMania X Bret Hart
30%
WrestleMania 38 nuit 1 | WrestleMania XIV | WrestleMania XV | WrestleManiaX-SEVEN Stone Cold Steve Austin
30%
WrestleMania 21 | WrestleMania XX | WrestleMania XXIV World Heavyweight Championship
30%
WrestleMania 39 nuit 1 | WrestleMania I | WrestleMania XL nuit 1 Tag Team
26%
WrestleMania 22 | WrestleMania 23 | WrestleMania 29 | +3 others WWE Championship
26%
WrestleMania XXX Daniel Bryan
22%
WrestleMania IV Randy Savage
22%
WrestleMania VI The Ultimate Warrior
22%
WrestleMania 35 Becky Lynch
17%
WrestleMania 21 Batista
13%
WrestleMania XI Lawrence Taylor
13%
WrestleMania XXVII The Miz
13%
WrestleMania 35 | WrestleMania 37 nuit 2 | WrestleMania XX | WrestleMania XXX Triple Threat
13%
WrestleMania 34 | WrestleMania 37 nuit 2 WWE Universal Championship
13%
WrestleMania XL nuit 2 Bloodline Rules
9%
WrestleMania XX Chris Benoit
9%
WrestleMania 36 nuit 2 Drew Mcintyre
9%
WrestleMania XL nuit 1 Roman Reigns & The Rock
9%
WrestleMania II Steel Cage
9%
WrestleMania 22 | WrestleMania 13 | WrestleMania 21 | +23 others 1 vs 1
4%
WrestleMania 37 nuit 1 Bianca Belair
4%
WrestleMania XL nuit 2 Cody Rhodes vs Roman Reigns
4%
WrestleMania I Hulk Hogan & Mr. T
4%
WrestleMania 39 nuit 1 Kevin Owens & Sami Zayn
4%
WrestleMania X-SEVEN | WrestleMania XV | WrestleMania XXVI | WrestleMania XXVII No Disqualification
4%
WrestleMania 39 nuit 2 Roman Reigns vs Cody Rhodes
4%
WrestleMania 31 | WrestleMania 32 | WrestleMania XXX WWE World Heavyweight Championship
4%
WrestleMania 13 | WrestleMania 2000 | WrestleMania X-SEVEN | +11 others WWF Championship
4%
WrestleMania XII 60 Min Iron Man Match
0%
WrestleMania 21 Batista vs Triple H
0%
WrestleMania 35 Becky Lynch vs Charlotte Flair vs Ronda Rousey
0%
WrestleMania 37 nuit 1 bianca Belair vs Sasha Banks
0%
WrestleMania 36 nuit 1 Boneyard Match
0%
WrestleMania X Bret Hart vs Yokozuna
0%
WrestleMania XIX Brock Lesnar vs Kurt Angle
0%
WrestleMania 31 | WrestleMania 34 Brock Lesnar vs Roman Reigns
0%
WrestleMania XX Chris Benoit vs Triple H vs Shawn Michaels
0%
WrestleMania XXX Daniel Bryan vs Batista vs Randy Orton
0%
WrestleMania 36 nuit 2 Drew Mcintyre vs Brock Lesnar
0%
WrestleMania 2000 Fatal 4 Way Elimination
0%
WrestleMania I Hulk Hogan & Mr. T vs Paul Orndorff & Roddy Piper
0%
WrestleMania III Hulk Hogan vs Andre the Giant
0%
WrestleMania II Hulk Hogan vs King Kong Bundy
0%
WrestleMania V Hulk Hogan vs Randy Savage
0%
WrestleMania VII Hulk Hogan vs Sgt. Slaughter
0%
WrestleMania VIII Hulk Hogan vs Sid Justice
0%
WrestleMania IX Hulk Hogan vs Yokozuna
0%
WrestleMania 23 John Cena vs Shawn Michaels
0%
WrestleMania 29 John Cena vs The Rock
0%
WrestleMania 22 John Cena vs Triple H
0%
WrestleMania 39 nuit 1 Kevin Owens & Sami Zayn vs The Usos
0%
WrestleMania XI Lawrence Taylor vs Bam Bam Bigelow
0%
WrestleMania 33 | WrestleMania 38 nuit 1 No Holds Barred
0%
WrestleMania IV Randy Savage vs Ted DiBiase
0%
WrestleMania XL nuit 1 Roman Reigns & The Rock vs Cody Rhodes & Seth Rollins
0%
WrestleMania 38 nuit 2 Roman Reigns vs Brock Lesnar
0%
WrestleMania 37 nuit 2 Roman Reigns vs Edge vs Daniel Bryan
0%
WrestleMania 33 Roman Reigns vs The Undertaker
0%
WrestleMania 32 Roman Reigns vs Triple H
0%
WrestleMania XII Shawn Michaels vs Bret Hart
0%
WrestleMania XIV Steve Austin vs Shawn Michaels
0%
WrestleMania X-SEVEN | WrestleMania XV Steve Austin vs The Rock
0%
WrestleMania 38 nuit 1 Stone Cold Steve Austin vs Kevin Owens
0%
WrestleMania XXVI Streak vs Career
0%
WrestleMania XXVII The Miz vs John Cena
0%
WrestleMania XXVIII The Rock vs John Cena
0%
WrestleMania VI The Ultimate Warrior vs Hulk Hogan
0%
WrestleMania 36 nuit 1 The Undertaker vs AJ Styles
0%
WrestleMania XXIV The Undertaker vs Edge
0%
WrestleMania XXVI The Undertaker vs Shawn Michaels
0%
WrestleMania 13 The Undertaker vs Sycho Sid
0%
WrestleMania X-8 Triple H vs Chris Jericho
0%
WrestleMania XXV Triple H vs Randy Orton
0%
WrestleMania 2000 Triple H vs The Big Show vs Mick Foley vs The Rock
0%
WrestleMania 39 nuit 1 Undisputed WWE Tag Team Championship
0%
WrestleMania 39 nuit 2 | WrestleMania XL nuit 2 Undisputed WWE Universal Championship
0%
WrestleMania 35 WWE Smackdown & Raw Women's Championship
0%
WrestleMania 37 nuit 1 WWE SmackDown Women's Championship
0%
WrestleMania 38 nuit 2 WWE UniversaWWE Universal Championship & WWE Championshipl Championship & WWE Championship
0%
WrestleMania IV WWF Championship Tournament
0%
WrestleMania VI WWF & Intercontinental Championships
0%
WrestleMania X8 WWF Undisputed Championship
0%
WrestleMania 33 | WrestleMania 36 nuit 1 | WrestleMania 38 nuit 1 | +5 others x
0%
No matching quizzes found
Score Distribution
Percent of People with Each Score
Percentile by Number Answered
Your Score History
You have not taken this quiz